000 00288nam a2200121Ia 4500
008 190216s9999||||xx |||||||||||||| ||und||
100 _aSing. Bd
245 0 _aBiology: A Text Book For Class. Xii
260 _bNcrt - Newdelhi
_c2003
300 _a409
650 _aBiology
942 _cREF
999 _c36708
_d36708